La herencia viva de los clásicos: tradiciones, aventuras e innovaciones

Saved in:
Bibliografiske detaljer
Hovedforfatter: Beard, Mary R (Author)
Format: Bog
Sprog:spansk
Udgivet: Barcelona, España. Planeta, 2013
Fag:
Tags: Tilføj Tag
Ingen Tags, Vær først til at tagge denne postø!

MARC

LEADER 00000cam a2200000 a 4500
001 UCB0118
003 CL-VaPUC
005 20211018120317.0
008 191213e20130000sp spa d
999 |c 375788  |d 375786 
020 |a 9788498926163 
040 |c Pontificia Universidad Católica de Valparaíso 
082 0 4 |a 930 BEA 2013  |2 21 
100 1 |a Beard, Mary R  |e author  |9 605431 
245 1 3 |a La herencia viva de los clásicos: tradiciones, aventuras e innovaciones 
260 |a Barcelona, España.  |b Planeta,  |c 2013 
300 |a 424 páginas 
583 |a last modification  |c 20191213 11:48:00  |k cmena 
650 0 0 |a Historia universal  |9 266877 
650 0 0 |a Historia antigua  |9 267521 
942 |c BK  |2 ddc 
945 |a cmena  |d 20191213 11:48:00 
952 |0 0  |1 0  |2 ddc  |3 erb  |4 0  |6 930_000000000000000_BEA_2013  |7 0  |8 A  |9 495717  |a BIBHIS  |b BIBHIS  |e 14  |g 28501.00  |i 5566568  |l 1  |o 930 BEA 2013  |p 5566568  |r 2025-04-28  |s 2025-04-09  |v 28501.00  |w 2020-01-06  |y BK  |z Catalogado en:20191213  |k HIS